000 00402nam a2200169Ia 4500
008 230524s9999 xx 000 0 und d
082 _a658.45
_bRAO
100 _aV.S.P.Rao
245 0 _aManagement Text And Cases
250 _a1ST
260 _aNEW DELHI
_bExcel
_c2007
300 _aXIV;959
500 _aQuantity Number: 20
650 _aManagement
700 _a V Hari Krishna
942 _cBK
999 _c38733
_d38733